000 00527nam a2200145 a 4500
008 120416s1999 ||||||||||||||||| || u
020 _a0340731621
050 _aTS 225 Bed
100 _aBeddoes, J
245 1 0 _aPrinciples of metal manufacturing process
_cBy J Beddoes
260 _aLondon
_bHodder and Stoughton
_c1999
300 _aix, 326p. : ill.
350 _a0.00
995 _D0.00
_FCBU-MAIN LIBRARY (Kitwe)
_H1
_I19.95
_M1
_UAVAILABLE
_ZMain Library Open Access Collection
999 _c54609
_d54609